| 000 | 00498nam a22001697a 4500 | ||
|---|---|---|---|
| 003 | BD-ChCU | ||
| 005 | 20260125092853.0 | ||
| 008 | 260125b bg ||||| |||| 00| 0 ben d | ||
| 040 | _cBD-ChCU | ||
| 082 | _a547.8427 SWS | ||
| 100 |
_aSweeting, Orville J. ed. _919591 |
||
| 245 |
_aThe science and technology of polymer films.// _cOrville J. Sweeting ed. |
||
| 260 |
_aNew York _bInterscience pub _c1968 |
||
| 300 | _avol 1 | ||
| 650 | 0 |
_aPolymers and Polymerization. _919592 |
|
| 942 |
_2ddc _cBK _n0 |
||
| 999 |
_c111228 _d111228 |
||